02012 a2200229 45000010006000000050017000060080041000230030015000640400040000790800122001192450087002410200022003282640040003503000019003905051181004090410008015901000026015987000022016247000018016467000019016648560099016834590020260407155731.0260407a2008 arg spa dAR-UNSa-BCEJYS aAR-UNSa-BCEJYSbspacAR-UNSa-BCEJYS a304.4(82)xAspectos generales de las políticas y prácticas sociales y culturales en Argentina (política social)10aLos programas sociales en Argentina hacia el Bicentenariopvisiones y perspectivas a978-987-98057-6-3 1aBuenos Aires :bBanco Mundialc2008 a349 p.c23 cm. a1. Argentina: políticas de transferencia de ingresos hacia el Bicentenario / Dena Ringold y Rafael Rofman – 2. Los programas sociales en la opinión pública. Resultados de la Encuesta de Percepción de Planes Sociales en la Argentina / Guillermo Cruces y Helena Rovner – 3. Atender necesidades, crear oportunidades o garantizar derechos. Visiones sobre la política social / Alejandro Bonvecchi y Catalina Smulovitz – 4. Las políticas sociales y la investigación de opinión pública / Manuel Mora y Araujo – 5. La política social argentina en perspectiva/ Ernesto Aldo Isuani – 6. ¿Qué y a quién? Beneficios y beneficiarios de los programas de transferencias condicionadas de ingresos – 7. Argentina modelo XXI: inestabilidad macroeconómica, empobrecimiento sostenido y políticas sociales / Guillermo Rozenwurcel y Claudia Vázquez – 8. ¿Ud. Volvería a lanzar el Plan Jefes? Una visión de los planes sociales y el mercado de trabajo en Argentina / Juan Martín Moreno – 9. Estigma y deslegitimación de las políticas sociales en la Argentina: la evidencia de la Encuesta de Percepción de Planes Sociales / Eduardo Amadeo -  aspa1 aMoreno, Juan Martín1 aCruces, Guillermo1 aRingold, Dena1 aRofman, Rafael41uhttps://www.biblioeco.unsa.edu.ar/pmb/images/libros/L127225.jpgyImagen de portadaqimage/jpeg